LEADER 01332nam1-2200397---450- 001 990003020860203316 005 20160215170709.0 035 $a000302086 035 $aUSA01000302086 035 $a(ALEPH)000302086USA01 035 $a000302086 100 $a19920923g----9999|0itac50 ba 101 $aita 102 $aIT 200 1 $aˆ<> ‰memorie di Giuseppe Gorani$fpubblicate da Alessandro Casati 210 $aMilano$cA. Mondadori 215 $avolumi$d21 cm 463 \1$1001990001626220203316$12001 $a<<3.:>> Dal dispotismo illuminato alla rivoluzione$e1767-1791 463 \1$1001990003158220203316$12001 $a<<1.:>> Memorie di giovinezza e di guerra$e1740-1763 463 \1$1001990003575700203316$12001 $a<<2.:>> Corti e paesi$e1764-1766 600 $aGorani,$bGiuseppe$xMemorie 676 $a945.074 700 1$aGORANI,$bGiuseppe$0133671 702 1$aCASATI,$bAlessandro$f<1881-1955> 801 3$aIT$bICCU$c20151103 912 $a990003020860203316 959 $aBK 969 $aUMA 969 $aANT 979 $aDBC$b90$c20071123$lUSA01$h1418 979 $aPATRY$b90$c20151119$lUSA01$h1210 979 $aPATRY$b90$c20160215$lUSA01$h1655 979 $aPATRY$b90$c20160215$lUSA01$h1655 979 $aPATRY$b90$c20160215$lUSA01$h1703 979 $aPATRY$b90$c20160215$lUSA01$h1707 997 $aUNISA LEADER 01131nam--2200325---450- 001 990002359970203316 005 20091217150922.0 035 $a000235997 035 $aUSA01000235997 035 $a(ALEPH)000235997USA01 035 $a000235997 100 $a20050114d1967----km-y0itay0103----ba 101 0 $ager 102 $aDE 105 $a||||||||001yy 200 1 $aUber die Bedeutung des raumlichen Verbunds im Bereich der Industrie$eein empirischer Beitrag zur Regionalpolitik$fvon Manfred Streit 210 $aKoln [etc.]$cHeymanns$d1967 215 $a128 p.$d21 cm 225 2 $aAnnales Universitatis Saraviensis$v27 410 0$12001$aAnnales Universitatis Saraviensis$v27 700 1$aSTREIT,$bManfred E.$0257309 801 0$aIT$bsalbc$gISBD 912 $a990002359970203316 951 $aXXX.A. Coll. 69/ 26 (Coll AFO 27)$b7119 G.$cXXX.A. Coll. 69/ 26 (Coll AFO)$d00253578 959 $aBK 969 $aGIU 979 $aSIAV6$b10$c20050114$lUSA01$h1037 979 $aRSIAV3$b90$c20091217$lUSA01$h1509 996 $aUber die Bedeutung des raumlichen Verbunds im Bereich der Industrie$91063156 997 $aUNISA